Strategies for structural adjustment : (Record no. 254)
[ view plain ]
| 000 -LEADER | |
|---|---|
| fixed length control field | 01012cam a2200265 a 4500 |
| 003 - CONTROL NUMBER IDENTIFIER | |
| control field | SISC |
| 005 - DATE AND TIME OF LATEST TRANSACTION | |
| control field | 20160406125248.0 |
| 008 - FIXED-LENGTH DATA ELEMENTS--GENERAL INFORMATION | |
| fixed length control field | 900824s1990 dcu b 100 0 eng |
| 020 ## - INTERNATIONAL STANDARD BOOK NUMBER | |
| International Standard Book Number | 1557751471 |
| 050 00 - LIBRARY OF CONGRESS CALL NUMBER | |
| Classification number | HC 441 |
| Item number | .St76 1990 |
| 082 00 - DEWEY DECIMAL CLASSIFICATION NUMBER | |
| Classification number | HS 338.959 |
| Item number | Az2 1990 |
| 100 ## - MAIN ENTRY--PERSONAL NAME | |
| Personal name | Aziz, Ungku A. |
| 9 (RLIN) | 11981 |
| 245 00 - TITLE STATEMENT | |
| Title | Strategies for structural adjustment : |
| Remainder of title | the experience of Southeast Asia / |
| Statement of responsibility, etc | Ungku A. Aziz |
| 260 ## - PUBLICATION, DISTRIBUTION, ETC. (IMPRINT) | |
| Place of publication, distribution, etc | Washington : |
| Name of publisher, distributor, etc | International Monetary Fund ; |
| Place of publication, distribution, etc | [Kuala Lumpur] : |
| Name of publisher, distributor, etc | Bank Negara Malaysia, |
| Date of publication, distribution, etc | c1990. |
| 300 ## - PHYSICAL DESCRIPTION | |
| Extent | x, 202 p. : |
| Dimensions | 23 cm. |
| 650 #0 - SUBJECT ADDED ENTRY--TOPICAL TERM | |
| Topical term or geographic name as entry element | Economic stabilization |
| Geographic subdivision | Southeast Asia |
| Form subdivision | Congresses. |
| 9 (RLIN) | 11982 |
| 650 #0 - SUBJECT ADDED ENTRY--TOPICAL TERM | |
| Topical term or geographic name as entry element | Structural adjustment (Economic policy) |
| Geographic subdivision | Southeast Asia |
| Form subdivision | Congresses. |
| 9 (RLIN) | 11983 |
| 651 #0 - SUBJECT ADDED ENTRY--GEOGRAPHIC NAME | |
| Geographic name | Southeast Asia |
| General subdivision | Economic policy |
| Form subdivision | Congresses. |
| 9 (RLIN) | 11984 |
| 700 2# - ADDED ENTRY--PERSONAL NAME | |
| Personal name | Abdul Aziz, Ungku, |
| Dates associated with a name | 1922- |
| 9 (RLIN) | 11985 |
| 710 2# - ADDED ENTRY--CORPORATE NAME | |
| Corporate name or jurisdiction name as entry element | International Monetary Fund. |
| 9 (RLIN) | 11986 |
| 710 2# - ADDED ENTRY--CORPORATE NAME | |
| Corporate name or jurisdiction name as entry element | Bank Negara Malaysia. |
| 9 (RLIN) | 11987 |
| 740 0# - ADDED ENTRY--UNCONTROLLED RELATED/ANALYTICAL TITLE | |
| Uncontrolled related/analytical title | Experience of Southeast Asia. |
| 942 ## - ADDED ENTRY ELEMENTS (KOHA) | |
| Source of classification or shelving scheme | Library of Congress Classification |
| Koha item type | Books |
| Withdrawn status | Lost status | Source of classification or shelving scheme | Damaged status | Home library | Current library | Shelving location | Date acquired | Total Checkouts | Full call number | Barcode | Date last seen | Copy number | Price effective from | Koha item type |
|---|---|---|---|---|---|---|---|---|---|---|---|---|---|---|
| Library of Congress Classification | Luxembourg Library | Luxembourg Library | High School Section | 08/22/2013 | HC 441 .St76 1990 | 2329 | 04/06/2016 | 1 | 10/03/2013 | Books |